| 000 | 00951nam a22002537a 4500 | ||
|---|---|---|---|
| 001 | BRCA_9346 | ||
| 003 | FranzMayer | ||
| 005 | 20230918121356.0 | ||
| 008 | 230825b |||||||| |||| 00| 0 eng d | ||
| 020 | _a8481812951 | ||
| 040 |
_aMFM _bespañol _cMFM |
||
| 050 | 0 |
_aAM121 _bM56 2006 |
|
| 110 | 1 |
_4Responsable _aMinisterio de cultura de España _bMuseos estatales _929246 |
|
| 240 |
_aCriterios para la elaboración del plan museológico _lespañol |
||
| 245 | 0 | _aCriterios para la elaboración del plan museológico | |
| 260 |
_aEspaña _bJulio Soto Impresor _c2006 |
||
| 300 |
_a189 p _bIlustraciones a color _c21 cm |
||
| 500 | _aAnexo 1 | ||
| 505 | _aTexto en: españolIncluye índice temáticoIncluye listado de obrasDirigido a: museógrafos | ||
| 650 | 1 |
_2Museos _aColecciones y exposiciones _929247 |
|
| 651 | 2 |
_2Museología _aMétodos y técnicas _vPlanes museológicos _929248 |
|
| 856 | _3https:www.mcu.es | ||
| 942 |
_2lcc _cB |
||
| 999 |
_c10968 _d10968 |
||